00340nam a22001217a 450000500170000000800410001708200150005811000270007324500550010026000450015530000100020065000080021020200604093350.0200604b xxu||||| |||| 00| 0 eng d a345.84 AIR aThe All India Reporter aThe All India Reporter1987 (V-74) BOMBAY Section aBOMBAYbThe All India Reporter Ltdc1987 a384p. aLAW